000 00668nam a22001937a 4500
999 _c60835
_d60835
005 20231103113630.0
008 231031s2023 enk||||| |||| 00| 0 eng d
020 _a9780194905152x
041 _aeng
080 _a811.111.1(075) C-87
100 _aCraven, Miles
_920273
245 _aQ: Skills for Success: Level 3 :
_bListening and Speaking /
_cMiles Craven, Kristin Donnalley Sherman.
250 _aThird Edition
264 _aOxford :
_bOxford University Press,
_c2023.
300 _a200 p. :
_bill.;
_c26 cm.
653 _aინგლისური ენა
700 _aSherman, Kristin Donnalley
_eავტორი
_920274
942 _2udc
_cᲬᲘᲒᲜᲘ